000
00291nam a2200121Ia 4500
008
220204s9999 xx 000 0 und d
082
_a
621.38
_b
JOW
100
_a
C E
245
0
_a
Electronic engineering processes
260
_a
London
_b
Business
_c
1972
650
_a
Electronics
942
_c
BK
999
_c
36326
_d
36326